| 000 | 00440nam a2200157 i 4500 | ||
|---|---|---|---|
| 001 | 135342 | ||
| 003 | ES-MaACL | ||
| 007 | t| | ||
| 008 | 070716s1936 sp ||||1| spa d | ||
| 100 | 1 |
_aTomás y Samper, Rodolfo. _9110534 |
|
| 245 | 1 | 0 |
_aApuntes de pedagogía / _cpor Rodolfo Tomás y Samper. |
| 250 | _a2ª ed. | ||
| 260 |
_aMadrid : _bInstituto Samper, _c1936. |
||
| 300 |
_a394 p. ; _c22 cm. |
||
| 852 |
_aES-MaACL _jE-5864 _bR.90603 |
||
| 999 |
_c135342 _d135342 |
||